Paroles SAOULÉ de La Fève - Statistiques

Statistiques générales
  • Ce quiz a été pris 8 fois
  • Le résultat moyen est 158 sur 239
Statistiques - réponses
Réponse % Correct
ce
100%
c'qu'ils
100%
dans
100%
de
100%
jaloux
100%
J'suis
100%
j'suis
100%
la
100%
La
100%
le
100%
les
100%
ma
100%
mon
100%
on
100%
ont
100%
S
100%
tête
100%
tout
100%
c'est
80%
chérie
80%
comment
80%
du
80%
faire
80%
ne
80%
paire
80%
pas
80%
Pénalty
80%
pénalty
80%
penchant
80%
que
80%
sa
80%
sais
80%
schizo
80%
Souvent
80%
sur
80%
tâche
80%
un
80%
Une
80%
vin
80%
à
60%
a
60%
ça
60%
d'la
60%
élégante
60%
elle
60%
En
60%
est
60%
gens
60%
je
60%
j'fais
60%
me
60%
moi
60%
montrer
60%
musique
60%
Ok
60%
par
60%
prod
60%
quali
60%
qu'une
60%
Saoulé
60%
saoulé
60%
tu
60%
viens
60%
avec
40%
d'ogre
40%
esprit
40%
été
40%
faim
40%
fait
40%
faut
40%
game
40%
il
40%
j'grandis
40%
j'trouve
40%
l'argent
40%
le-gueu
40%
Modèle
40%
nageant
40%
pénurie
40%
perd
40%
Prada
40%
p'tite
40%
pull
40%
recul
40%
saleté
40%
sexy
40%
smoke
40%
soucis
40%
s'ra
40%
textile
40%
crois
20%
cul
20%
donc
20%
J'pense
20%
j'prenne
20%
M'aimer
20%
Matrixé
20%
P2
20%
pi
20%
pur
20%
Regarde
20%
sali
20%
Toute
20%
ness-buis
0%
Aucun quiz correspondant
Distribution des résultats
% des personnes avec chaque résultat
Percentile par nombre de réponses
Votre historique - résultats
Vous n’avez pas pris ce quiz